000 02291nam a2200229 a 4500
001 000608899
003 AM-YeHGA
005 20260108102117.0
008 081031s1788 it r 000 0 arm d
040 _aAM-YeHGA
041 0 _aarm
100 0 _aԽաչատուր Սիւրմելեան
245 1 0 _aՀԱՄԱՌՕՏ ԹՈՒԱԲԱՆՈՒԹԻՒՆ ԱՇԽԱՐՀԱԲԱՌ /
_cԽաչատուր ՍԻւրմելեան.
260 _aՎենետիկ :
_bտպ. Ջիովաննի Պիացոյի,
_c1788.
300 _a160 էջ ;
_c19 սմ.
500 _aՏիտղթ.՝ ՀԱՄԱՌՕՏ/ ԹՈՒԱԲԱՆՈՒԹԻՒՆ/ ԱՇԽԱՐՀԱԲԱՌ/ Յորում ճառին նախ յաղագս չորից գըլ-/խաւոր մասանց թուաբանութեան :/ Ե[ր]կ[րոր]դ յ[ա]ղ[ա]գս կոտորակե[ա]լ թուոց :/ Եւ եր[րո]րդ յ[ա]ղ[ա]գս գլխաւոր կա-/ոնաց թուաբանու[թ]ե[ան] :/ Յաւելեալ լինի և յաւելուաց յաղագս/ խաղուց ի ձեռն թուոց ի զբօսանս/ մտավարժից :/ Աշխատասիրեալ ի հայր Խաչատուր վ[ար]դ[ա]պ[ետ]է / սիւրմէլեան, ի միաբանու[թեն]է գերյարգոյ/ Մխիթարայ մեծի աբբայի :/ Յամի տ[եառ]ն. 1788. ի Փետրվարի. 15 :/ Եւ ի թուականու[թ]ե[ան]ս հայոց ռմլէ :/Ի հայրապետութե[ան] Տ[եառ]ն Ղուկասու/ Հայոց կաթուղիկոսի :/ Ի ՎԵՆԷՏԻԿ/ Ի տպարանի յովհաննու փիացեան :/ Հրամանաւ մեծաւորաց :/
500 _a160 էջ : Ութածալ, մամուլանիշերը լատինատառ : Շարվ. չափը՝ 14,1 x 8,2 սմ : Տիտղթ. զարդափակ, հրատարակչական տվյալներից առաջ փոքրիկ զարդ, Ո.Կ.Վ.Ա. սկզբնատառերով : Էջախորագրերով : Գլխազարդեր, վերջազարդեր և զարդագրեր : Բնագիրը 12 կետաչափի բոլորագրով, օգտագործված են նաև գլխագրեր և նոտրգիր :
546 _aԳրաբար
650 1 4 _aԹվաբանություն
856 4 1 _uhttps://arar.sci.am/dlibra/publication/413703/edition/382287/content
_yԿարդալ առցանց
942 _2udc
_cBK
999 _c485853
_d485853